<?xml version="1.0" encoding="UTF-8"?>
<record
    xmlns:xsi="http://www.w3.org/2001/XMLSchema-instance"
    xsi:schemaLocation="http://www.loc.gov/MARC21/slim http://www.loc.gov/standards/marcxml/schema/MARC21slim.xsd"
    xmlns="http://www.loc.gov/MARC21/slim">

  <leader>01251    a2200181   4500</leader>
  <controlfield tag="003">Nust</controlfield>
  <controlfield tag="005">20221205120342.0</controlfield>
  <datafield tag="020" ind1=" " ind2=" ">
    <subfield code="a">003059246</subfield>
  </datafield>
  <datafield tag="040" ind1=" " ind2=" ">
    <subfield code="c">Nust</subfield>
  </datafield>
  <datafield tag="082" ind1=" " ind2=" ">
    <subfield code="a">621.3815324,VAL</subfield>
  </datafield>
  <datafield tag="100" ind1=" " ind2=" ">
    <subfield code="a">Valkenburg, Van M.E</subfield>
    <subfield code="9">104113</subfield>
  </datafield>
  <datafield tag="245" ind1=" " ind2=" ">
    <subfield code="a">Analog filter design /</subfield>
    <subfield code="c"> M.E Van Valkenburg,</subfield>
  </datafield>
  <datafield tag="260" ind1=" " ind2=" ">
    <subfield code="a">Holt Rinehat and winston</subfield>
    <subfield code="b">New York</subfield>
    <subfield code="c">1982</subfield>
  </datafield>
  <datafield tag="300" ind1=" " ind2=" ">
    <subfield code="a">xi,608 p</subfield>
    <subfield code="b">illus</subfield>
  </datafield>
  <datafield tag="505" ind1=" " ind2=" ">
    <subfield code="a">Introduction (Page-1), Resistor operational amplifier circuits (Page-15), Bilinear transfer functions and frequency (Page-53), Cascade design with first order circuits (Page-85), The Biquad circuits (Page-119), Butterworth lowpass filiters (Page-157), Butterworth bandpass filters (Page-189), The chebyshev response (Page-223), Sensitivity (Page-261), Delay filters (Page-279), Frequency trasformations (Page-299), Highpass and band elimination filters (Page-323), Inverse chebyshev and cauer filters (Page-365), Prototype and frequency transformed ladders (Page-399), Ladder design with simulated elements (Page-429), Leapfrog simulation of ladders (Page-459), Switched capacitor filters (Page-487), Delay equallization (Page-523), Op Amp oscillators (Page-549), Better Op-Amp models (Page-571).</subfield>
  </datafield>
  <datafield tag="650" ind1=" " ind2=" ">
    <subfield code="a">Filter design</subfield>
    <subfield code="9">104114</subfield>
  </datafield>
  <datafield tag="942" ind1=" " ind2=" ">
    <subfield code="2">ddc</subfield>
    <subfield code="c">BK</subfield>
  </datafield>
  <datafield tag="999" ind1=" " ind2=" ">
    <subfield code="c">189195</subfield>
    <subfield code="d">189195</subfield>
  </datafield>
  <datafield tag="952" ind1=" " ind2=" ">
    <subfield code="0">0</subfield>
    <subfield code="1">0</subfield>
    <subfield code="2">ddc</subfield>
    <subfield code="4">0</subfield>
    <subfield code="7">0</subfield>
    <subfield code="8">NFIC</subfield>
    <subfield code="a">MCS</subfield>
    <subfield code="b">MCS</subfield>
    <subfield code="d">2016-12-12</subfield>
    <subfield code="l">0</subfield>
    <subfield code="o">621.3815324  VAL</subfield>
    <subfield code="p">MCS21272</subfield>
    <subfield code="r">2016-12-08</subfield>
    <subfield code="w">2016-12-12</subfield>
    <subfield code="y">BK</subfield>
  </datafield>
</record>
